000 00214nam a22000857a 4500
008 161201b xxu||||| |||| 00| 0 eng d
100 _91702
_aSoni, A., etal
245 _aOpening New Windows
260 _aNew Delhi
_bNavdeep
999 _c4415
_d4415